000
00212 a2200097 4500
001
10441
100
_a
Mcleish, W Y
245
_a
Education through mathematics.
260
_a
_b
Macmillan
_c
090
_c
8066
_d
8066
942
_a
NUST-CAE
_c
M
_c
34785
999
_c
245514
_d
245514